|
|
|
|
| LEADER |
00694cam a2200229 7i4500 |
| 001 |
0000036196 |
| 005 |
20191211090000.0 |
| 007 |
##ta |
| 008 |
191211s2018 ne 0 eng d |
| 020 |
# |
# |
|a 9789063694890
|
| 040 |
# |
# |
|a MATR
|
| 090 |
0 |
0 |
|a B 658.812
|b IQB
|
| 100 |
1 |
# |
|a Iqbal, Majid
|e author
|
| 245 |
1 |
0 |
|a THINKING IN SERVICES :
|b Encoding and Expressing Strategy Through Design.
|
| 264 |
# |
1 |
|a Amsterdam:
|b BIS Publishers,
|c 2018.
|
| 300 |
# |
# |
|a 239 pages;
|c 23 cm.
|
| 336 |
# |
# |
|a text
|2 rdacontent
|
| 337 |
# |
# |
|a unmediated
|2 rdamedia
|
| 338 |
# |
# |
|a volume
|2 rdacarrier
|
| 650 |
# |
0 |
|a Service industries
|
| 650 |
# |
0 |
|a Customer services
|
| 999 |
|
|
|a B000040933
|b Book
|c Book
|e Business Information Centre
|